000 01116nam a2200241Ia 4500
003 OSt
005 20200814231808.0
008 191128s1982 ck gr 000 0dspa d
040 _aCO-JMCR
_cCO-JMCR
041 0 _aspa
082 0 4 _a345.02 /
_bU48v
_223
100 1 _aUmaña Luna, Pedro Eduardo,
_eautor
_93323
245 1 3 _aLa violencia y la paz :
_blos delitos políticos, las amnistías, y los presos políticos /
_cPedro Eduardo Umaña Luna
250 _aPrimera edición
260 _aBogotá :
_bTercer Mundo,
_c1982
300 _a142 páginas ;
_c19 cm.
500 _aIncluye datos biográficos del autor en contraportada.
505 0 _aEl panorama colombiano actual -- Los delitos políticos en el Código Penal -- Antecedentes históricos -- La experiencia nacional -- En el nuevo Código Penal -- Título -- Rebelión -- Sedición -- Asonada -- Otras novedades -- El terrorismo -- delitos contra
650 1 4 _aDelitos políticos
_xlegislación
_zColombia
_98832
650 1 4 _aPresos políticos
_xlegislación
_zColombia
_98833
650 1 4 _aAmnistía
_xlegislación
_zColombia
_98834
942 _2ddc
_cBK
999 _c3410
_d3410